000 00839nmm a2200265 a 4500
001 ocm0001864667
003 TR-IsHL
005 20201028172156.0
008 180412s2017 tu tur
007 cr cn
020 _a9786051511481
035 _a1864667
_b(N$T)
050 0 4 _aPL248.K87
_bS46 2017
090 0 4 _aPL248.K87
_bS46 2017
100 1 _aKurt, Necla arslan
245 1 0 _aSeni bana yazmışlar
_h[electronic resource] /
_cNecla arslan Kurt
260 _aİstanbul :
_bHayat Yayıncılık,
_c2017
300 _a273 p.
650 4 _aDil ve Edebiyat
650 4 _aLanguage and Literature
650 0 _aTürk romanı
650 0 _aTurkish fiction
650 7 _aLITERARY COLLECTIONS / Middle Eastern
_2bisacsh
856 4 0 _uhttp://search.ebscohost.com/login.aspx?direct=true&scope=site&db=e011xww&AN=1864667
999 _c17070
_d17070